Library Banner

نثر اکبر الہ آبادی (Record no. 79289)

MARC details
000 -LEADER
fixed length control field 00416nam a22001457a 4500
005 - DATE AND TIME OF LATEST TRANSACTION
control field 20151201093142.0
008 - FIXED-LENGTH DATA ELEMENTS--GENERAL INFORMATION
fixed length control field 151201b xxu||||| |||| 00| 0 eng d
040 ## - CATALOGING SOURCE
Transcribing agency PK-LaUMT
082 ## - DEWEY DECIMAL CLASSIFICATION NUMBER
Classification number MSC 491.439
Item number AKB-N
100 ## - MAIN ENTRY--PERSONAL NAME
Personal name اکبر حسین اکبر
245 ## - TITLE STATEMENT
Title نثر اکبر الہ آبادی
Statement of responsibility, etc اکبر حسین اکبر
260 ## - PUBLICATION, DISTRIBUTION, ETC. (IMPRINT)
Place of publication, distribution, etc لاہور
Name of publisher, distributor, etc مجلس ترق ادب
Date of publication, distribution, etc 2008
300 ## - PHYSICAL DESCRIPTION
Extent 98 ص
942 ## - ADDED ENTRY ELEMENTS (KOHA)
Koha item type Books
Holdings
Withdrawn status Lost status Damaged status Home library Current library Date acquired Full call number Barcode Date last seen Price effective from Koha item type
      UMT Main Campus UMT Main Campus 2015-12-01 MSC 491.439 AKB-N 95182 2015-12-01 2015-12-01 Books